000 02283cam a2200517 i 4500
001 8394
003 FISKH
005 20250910142136.0
008 120216t20122012paua j b 000 0beng c
010 _a 2012933452
020 _a9781590787212
_q(hardcover)
020 _a9780545859165
020 _a1590787218
_q(hardcover)
040 _aBTCTA
_beng
_cBTCTA
_dDLC
050 0 0 _aTH9118.W554
_bO34 2012
082 0 0 _a363.37092
_aB
_223
100 1 _aOchiltree, Dianne.
245 1 0 _aMolly, by golly! :
_bthe legend of Molly Williams, America's first female firefighter /
_cDianne Ochiltree ; illustrated by Kathleen Kemly.
260 _aNew York :
_bScholastic,
_c2012.
300 _a30 unnumbered pages :
_bcolor illustrations ;
_c23 cm
336 _atext
_btxt
_2rdacontent
337 _aunmediated
_bn
_2rdamedia
338 _avolume
_bnc
_2rdacarrier
500 _a"The illustrations are done in watercolor."--Title page verso.
504 _aIncludes bibliographical references.
520 _aIntroduces the first known female firefighter, Molly Williams, an African American cook for New York City's Fire Company 11, who one winter day in 1818 with many volunteers sick with influenza jumped into action to stop a house fire.--
_cSource other than Library of Congress.
600 1 0 _aWilliams, Molly,
_dactive 1818.
650 0 _aAfrican American women
_vBiography
_vJuvenile literature.
650 0 _aWomen fire fighters
_vBiography
_vJuvenile literature.
650 0 _aCooks
_vBiography
_vJuvenile literature.
650 0 _aVolunteer fire fighters
_vBiography
_vJuvenile literature.
650 1 _aAfrican Americans
_vBiography.
650 1 _aFire fighters.
650 1 _aCooks.
650 1 _aWomen
_vBiography.
651 0 _aNew York (N.Y.)
_vJuvenile literature.
651 1 _aNew York (N.Y.)
655 0 _aPicture books for children.
655 7 _aBiographies.
_2lcgft
_0https://id.loc.gov/authorities/genreForms/gf2014026049
655 7 _aLiterature.
_2lcgft
_0https://id.loc.gov/authorities/genreForms/gf2014026415
655 7 _aBiographies.
_2lcgft
_0https://id.loc.gov/authorities/genreForms/gf2014026049
700 1 _aKemly, Kathleen Hadam,
_eillustrator.
906 _a7
_bcbc
_cpccadap
_d2
_eepcn
_f20
_gy-gencatlg
942 _2ddc
_cBK
_n0
999 _c8394
_d8394